[Event "Campeonato Individual para Veteranos 65 de Madrid 2024-2025"]
[Site "Madrid ESP"]
[Date "2025.05.27"]
[Round "6.3"]
[White "Cabanas Bravo, Juan Andres"]
[Black "Lorenzo Bailador, Alfredo"]
[Result "1/2-1/2"]
[WhiteElo "1911"]
[BlackElo "1968"]
[PlyCount "31"]
[GameId "2182972701532418"]
[EventDate "2025.05.19"]

1. e4 e5 2. Nf3 Nc6 3. Bc4 Nf6 4. d4 exd4 5. O-O d6 6. Nxd4 Be7 7. Nc3 O-O 8. Nxc6 bxc6 9. Qe2 Re8 10. Bb3 Nd7 11. Qh5 g6 12. Bxf7+ Kxf7 13. Qxh7+ Kf6 14. Qh4+ Kf7 15. Qh7+ Kf6 16. Qh4+ 1/2-1/2

[Event "Campeonato Individual para Veteranos 65 de Madrid 2024-2025"]
[Site "Madrid ESP"]
[Date "2025.05.27"]
[Round "6.4"]
[White "Hernandez Gutierrez, Jose"]
[Black "Perez Agusti, Luis"]
[Result "0-1"]
[WhiteElo "1809"]
[BlackElo "1916"]
[PlyCount "110"]
[GameId "2182973787758865"]
[EventDate "2025.05.19"]

1. d4 Nf6 2. Bf4 d5 3. e3 e6 4. Nd2 Bd6 5. Ngf3 O-O 6. Ne5 c5 7. c3 cxd4 8. exd4 Nc6 9. Bd3 Qc7 10. Ndf3 Ne4 11. Bg3 f6 12. Nxc6 bxc6 13. Qe2 f5 14. Bxd6 Qxd6 15. O-O c5 16. Rfd1 Nf6 17. Ne5 Nd7 18. Nf3 a5 19. c4 Nb6 20. Rac1 dxc4 21. Bb1 Nd5 22. dxc5 Qxc5 23. Rxc4 Qb5 24. Rdc1 Nb6 25. R4c2 Qxe2 26. Rxe2 Bd7 27. Rd2 Rac8 28. Rxc8 Rxc8 29. Rc2 Rxc2 30. Bxc2 Bc6 31. Ne5 Bd5 32. b3 Kf8 33. Bd3 Ke7 34. f4 Kd6 35. Kf2 Kc5 36. Bb1 Kd4 37. g3 Kc3 38. Nd3 Kd2 39. b4 a4 40. h3 Be4 41. Nc5 Bxb1 42. Nxe6 Nd5 43. a3 Kc3 44. Nc5 Bc2 45. Ke2 Nb6 46. g4 Nc4 47. b5 Kb2 48. Nd7 Kxa3 49. b6 Be4 50. gxf5 Kb2 51. Nc5 Nxb6 52. Nxe4 a3 53. Nf2 Nd5 54. Nd3+ Kc3 55. Nc1 Kc2 0-1

[Event "Campeonato Individual para Veteranos 65 de Madrid 2024-2025"]
[Site "Madrid ESP"]
[Date "2025.05.27"]
[Round "6.5"]
[White "Gonzalez Rivera, Eduardo"]
[Black "Fernandez Garcia, Ignacio"]
[Result "1-0"]
[WhiteElo "2004"]
[BlackElo "1818"]
[PlyCount "90"]
[GameId "2182987894305065"]
[EventDate "2025.05.19"]

1. e4 b6 2. d4 e6 3. Bd3 Bb7 4. Ne2 Nc6 5. a3 e5 6. d5 Nce7 7. c4 Ng6 8. O-O Nf6 9. Ng3 Bc5 10. Nf5 O-O 11. b4 Bd6 12. Be3 Re8 13. Nxd6 cxd6 14. Nc3 h6 15. Nb5 Qb8 16. Qf3 Nh4 17. Qg3 Ng6 18. h4 Ba6 19. Qh3 Bxb5 20. cxb5 Qd8 21. g3 Rc8 22. Rfc1 Qe7 23. a4 Qd8 24. Qf5 Rxc1+ 25. Rxc1 Qb8 26. a5 Rc8 27. Rxc8+ Qxc8 28. axb6 axb6 29. Bxb6 Qc3 30. Qf3 Qxb4 31. Bc7 Ne8 32. Bd8 Kf8 33. Qd1 Ne7 34. Qc2 f5 35. Qc4 Qe1+ 36. Kg2 f4 37. b6 fxg3 38. fxg3 Nf6 39. Be2 Qb1 40. Qd3 Qb2 41. Qb5 Qc2 42. b7 Qxe4+ 43. Bf3 Qc2+ 44. Be2 Nfxd5 45. b8=Q Nc3 1-0

[Event "Campeonato Individual para Veteranos 65 de Madrid 2024-2025"]
[Site "Madrid ESP"]
[Date "2025.05.27"]
[Round "6.6"]
[White "Camarero Izquierdo, Juan Carlos"]
[Black "Ghavami, Mahmoud"]
[Result "1-0"]
[WhiteElo "1892"]
[BlackElo "1610"]
[PlyCount "92"]
[GameId "2182991844122939"]
[EventDate "2025.05.19"]

1. d4 d5 2. Nc3 Bf5 3. f3 e6 4. h4 h6 5. e4 Bg6 6. h5 Bh7 7. e5 Nd7 8. Bd3 Bxd3 9. Qxd3 c6 10. f4 f5 11. exf6 Qxf6 12. Nf3 Bd6 13. Ne5 Ne7 14. Be3 Rf8 15. O-O-O b5 16. g4 a6 17. Ne2 c5 18. Nxd7 Kxd7 19. dxc5 Bc7 20. Rhf1 Qh4 21. f5 e5 22. Rg1 Kc6 23. Kb1 Rad8 24. Qa3 Ra8 25. Bd2 Qf2 26. Rge1 a5 27. Be3 Qf3 28. Rd3 Qxg4 29. Bg1 Rxf5 30. Red1 Rf3 31. Be3 Nf5 32. Rg1 Qc4 33. Rg6+ Kd7 34. c6+ Kc8 35. Qf8+ Bd8 36. Bb6 Qh4 37. c7 Kb7 38. c8=Q+ Rxc8 39. Bxd8 Qc4 40. Rxg7+ Nxg7 41. Qxg7+ Ka8 42. Bxa5 Rf2 43. Nc3 b4 44. Bxb4 d4 45. Qxe5 Qxb4 46. a3 Qc4 1-0

[Event "Campeonato Individual para Veteranos 65 de Madrid 2024-2025"]
[Site "Madrid ESP"]
[Date "2025.05.27"]
[Round "6.7"]
[White "Conchillo Roman, Jose Ignacio"]
[Black "Martin-Consuegra Barrilero, Javi"]
[Result "0-1"]
[WhiteElo "1683"]
[BlackElo "1825"]
[PlyCount "125"]
[GameId "2183108337283611"]
[EventDate "2025.05.19"]

1. e4 d6 2. d4 Nf6 3. Nc3 e5 4. dxe5 dxe5 5. Qxd8+ Kxd8 6. Bg5 Be6 7. O-O-O+ Kc8 8. Bxf6 gxf6 9. Nd5 Nd7 10. g3 c6 11. Nc3 Bh6+ 12. Kb1 Kc7 13. Bh3 Rad8 14. Bxe6 fxe6 15. Nge2 a5 16. a4 Nc5 17. b3 f5 18. f3 Bd2 19. Rhf1 h5 20. Kb2 Be3 21. exf5 exf5 22. Rxd8 Rxd8 23. Rd1 Re8 24. h3 Rg8 25. Rf1 Kd6 26. Nd1 Bh6 27. g4 hxg4 28. hxg4 f4 29. Nec3 Bg7 30. Nf2 Ne6 31. Nfe4+ Ke7 32. Rh1 Rh8 33. Rxh8 Bxh8 34. Kc1 Nd4 35. Nd2 Bf6 36. Nce4 Bh4 37. Kd1 b5 38. c3 Ne6 39. c4 bxa4 40. bxa4 Nd4 41. Nc5 Bf2 42. Nb7 Be3 43. Nxa5 Bxd2 44. Kxd2 Nxf3+ 45. Ke2 Nd4+ 46. Kf1 e4 47. c5 e3 48. Nc4 Nb3 49. a5 Nxc5 50. Nxe3 fxe3 51. Ke2 Kf6 52. Kxe3 Kg5 53. Kd4 Nb3+ 54. Kc4 Nxa5+ 55. Kc5 Kxg4 56. Kb6 Kf5 57. Kxa5 Ke5 58. Kb4 Kd4 59. Kb3 c5 60. Kb2 Kd3 61. Kb3 c4+ 62. Kb2 Kd2 63. Kb1 0-1

[Event "Campeonato Individual para Veteranos 65 de Madrid 2024-2025"]
[Site "Madrid ESP"]
[Date "2025.05.27"]
[Round "6.8"]
[White "Martinez Gallardo, Javier"]
[Black "Pinan Gaviria, Jose"]
[Result "0-1"]
[WhiteElo "1713"]
[BlackElo "1802"]
[PlyCount "120"]
[GameId "2183111472607789"]
[EventDate "2025.05.19"]

1. e4 e5 2. Nf3 Nc6 3. Bb5 a6 4. Ba4 d6 5. d4 b5 6. Bb3 Nxd4 7. Nxd4 exd4 8. Bd5 Rb8 9. Bc6+ Bd7 10. Bxd7+ Qxd7 11. Qxd4 Nf6 12. O-O Be7 13. Re1 O-O 14. h3 Rfe8 15. Bd2 Qc6 16. c3 Nd7 17. Qe3 Bf6 18. f4 Nc5 19. Qf3 Rxe4 20. Rxe4 Qxe4 21. Qxe4 Nxe4 22. Be1 Nc5 23. Nd2 Nd3 24. Ne4 Be7 25. Rb1 Nxf4 26. Bf2 Nd3 27. Bg3 Re8 28. Nf2 Nc5 29. Re1 Kf8 30. b4 Na4 31. Nd1 Bf6 32. Rxe8+ Kxe8 33. Be1 Ke7 34. Kf2 Ke6 35. Ke2 Nb6 36. Kd3 Nd5 37. Ke4 g6 38. Bd2 Bg7 39. g4 Ne7 40. g5 Nd5 41. Kd3 Be5 42. Ke4 c6 43. a3 Nb6 44. Nb2 d5+ 45. Kd3 Kf5 46. Be3 Nd7 47. a4 Bf4 48. axb5 axb5 49. Nd1 Bxe3 50. Kxe3 Kxg5 51. Nf2 f5 52. Nd3 Kf6 53. h4 h6 54. Nf4 g5 55. hxg5+ hxg5 56. Nd3 f4+ 57. Kf2 Kf5 58. Kg2 g4 59. Nf2 Nf6 60. Nd3 Ne4 0-1

[Event "Campeonato Individual para Veteranos 65 de Madrid 2024-2025"]
[Site "Madrid ESP"]
[Date "2025.05.27"]
[Round "6.9"]
[White "Martinez Pintor, Juan"]
[Black "Jimenez Ascarza, Jose Ignacio"]
[Result "1/2-1/2"]
[WhiteElo "1759"]
[BlackElo "1704"]
[PlyCount "33"]
[GameId "2183115603984959"]
[EventDate "2025.05.19"]

1. d4 Nf6 2. c4 g6 3. Nc3 d6 4. e4 Bg7 5. h3 O-O 6. Be3 Nbd7 7. Nf3 e5 8. dxe5 Nxe5 9. Nxe5 dxe5 10. Qc2 b6 11. Be2 Bb7 12. Rd1 Qe7 13. O-O Rad8 14. a3 Rxd1 15. Rxd1 Rd8 16. Rxd8+ Qxd8 17. Nd5 1/2-1/2

[Event "Campeonato Individual para Veteranos 65 de Madrid 2024-2025"]
[Site "Madrid ESP"]
[Date "2025.05.27"]
[Round "6.10"]
[White "Martinez De La Puente, Ignacio"]
[Black "Martinez Rubio, Felipe"]
[Result "0-1"]
[WhiteElo "1786"]
[BlackElo "1748"]
[PlyCount "94"]
[GameId "2183115945329230"]
[EventDate "2025.05.19"]

1. e4 c5 2. Nc3 a6 3. a3 e6 4. Bc4 b5 5. Ba2 Bb7 6. d3 g6 7. Nge2 Bg7 8. O-O Ne7 9. Rb1 Nbc6 10. Bg5 d6 11. Qd2 h6 12. Be3 Nd4 13. f4 Qd7 14. Nd1 d5 15. Ng3 c4 16. Qf2 Ndc6 17. f5 exf5 18. exf5 Nxf5 19. Nxf5 Qxf5 20. Qxf5 gxf5 21. Rxf5 Nd4 22. Bxd4 Bxd4+ 23. Kf1 Rd8 24. c3 Bc8 25. Rh5 Bf6 26. Nf2 Be6 27. d4 Kf8 28. Re1 Kg7 29. Bb1 Rd6 30. Bf5 Bg5 31. Bxe6 Rxe6 32. Rh3 Rxe1+ 33. Kxe1 Bc1 34. Nd1 Re8+ 35. Kf2 f6 36. Rh5 Rd8 37. Ne3 Kg6 38. Rh3 Bxb2 39. Nd1 Bxa3 40. Re3 Rd6 41. Re8 b4 42. Rb8 a5 43. Ke2 b3 44. Kd2 Ra6 45. Rd8 Bd6 46. Ne3 a4 47. Nxd5 a3 0-1

[Event "Campeonato Individual para Veteranos 65 de Madrid 2024-2025"]
[Site "Madrid ESP"]
[Date "2025.05.27"]
[Round "6.11"]
[White "Olmedo Camacho, Jose"]
[Black "Mauriello, Nunzio"]
[Result "0-1"]
[WhiteElo "1752"]
[BlackElo "1742"]
[PlyCount "86"]
[GameId "2183137069781599"]
[EventDate "2025.05.19"]

1. e4 c6 2. d4 d5 3. Nd2 dxe4 4. Nxe4 Nd7 5. Bc4 e6 6. Nf3 Ngf6 7. Qe2 Nxe4 8. Qxe4 Nf6 9. Qe2 h6 10. Bf4 Be7 11. Rd1 b5 12. Bb3 a5 13. a3 Qb6 14. c4 Ba6 15. c5 Qb7 16. Ne5 a4 17. Ba2 Qc8 18. Nd3 Bb7 19. Nb4 Qd7 20. O-O O-O 21. Rfe1 Rfe8 22. Be5 Rad8 23. h3 Qc8 24. Bb1 Rd7 25. Rd3 Qd8 26. Qc2 Ba8 27. Rf3 Rxd4 28. Bxd4 Qxd4 29. Rc1 Bb7 30. Rd3 Qe5 31. Rd7 Ba8 32. Rcd1 g6 33. Rxe7 Rxe7 34. Rd8+ Kg7 35. Rxa8 Rd7 36. Nd3 Qe4 37. Qc3 Qe2 38. Bc2 g5 39. Qe5 Qxc2 40. Nb4 Rd1+ 41. Kh2 Qxf2 42. Ra7 Rg1 43. Qg3 Rh1+ 0-1

[Event "Campeonato Individual para Veteranos 65 de Madrid 2024-2025"]
[Site "Madrid ESP"]
[Date "2025.05.27"]
[Round "6.14"]
[White "Pena De Jose, Juan Francisco"]
[Black "Marcos Medina, Alejandro"]
[Result "0-1"]
[WhiteElo "1660"]
[BlackElo "1759"]
[PlyCount "80"]
[GameId "2183227023556732"]
[EventDate "2025.05.19"]

1. d4 Nf6 2. c4 e6 3. g3 d5 4. c5 b6 5. cxb6 axb6 6. Bg5 h6 7. Bxf6 Qxf6 8. e3 Bd6 9. Qf3 Qg6 10. Kd2 Bb7 11. Bd3 f5 12. Ne2 O-O 13. Nf4 Qe8 14. Nc3 c6 15. a3 Nd7 16. Bc2 Nf6 17. h3 Rd8 18. Qe2 Ne4+ 19. Ke1 Ra8 20. Bd3 Nxc3 21. bxc3 Rxa3 22. Rxa3 Bxa3 23. Qa2 Bd6 24. Qa7 Qa8 25. Qxb6 Bxf4 26. gxf4 Qa1+ 27. Bb1 Qxc3+ 28. Ke2 Bc8 29. Bd3 Bd7 30. Qb7 Be8 31. Rb1 Bh5+ 32. f3 Bxf3+ 33. Kxf3 Qxd3 34. Rb3 Qf1+ 35. Kg3 Rf6 36. Qc8+ Kh7 37. Qe8 Qg1+ 38. Kf3 Qd1+ 39. Kf2 Qxb3 40. Qxc6 Qb2+ 0-1

[Event "Campeonato Individual para Veteranos 65 de Madrid 2024-2025"]
[Site "Madrid ESP"]
[Date "2025.05.27"]
[Round "6.15"]
[White "Poblador Dieguez, Alfredo"]
[Black "Vallespin Morales, Antonio"]
[Result "1-0"]
[WhiteElo "1698"]
[BlackElo "1530"]
[PlyCount "41"]
[GameId "2183331119816772"]
[EventDate "2025.05.19"]

1. d4 d5 2. c4 e6 3. cxd5 exd5 4. a3 f5 5. Bf4 Be6 6. Nc3 Nf6 7. e3 Be7 8. Nf3 O-O 9. Bd3 Ne4 10. Nb5 Nd7 11. Nxc7 Bf7 12. Nxa8 Qxa8 13. Ne5 Nxe5 14. dxe5 Bh4 15. O-O Bg6 16. Rc1 Bd8 17. Qb3 Bf7 18. f3 Nd2 19. Qb4 Nxf1 20. Bxf5 Bb6 21. Kxf1 1-0

[Event "Campeonato Individual para Veteranos 65 de Madrid 2024-2025"]
[Site "Madrid ESP"]
[Date "2025.05.27"]
[Round "6.16"]
[White "Diaz Begonte, Manuel"]
[Black "Lopez Manso, Jeronimo"]
[Result "1-0"]
[WhiteElo "1699"]
[BlackElo "1547"]
[PlyCount "77"]
[GameId "2183339440935363"]
[EventDate "2025.05.19"]

1. e4 a6 2. d4 b5 3. Nf3 Bb7 4. Bd3 e6 5. c3 c5 6. Be3 c4 7. Bc2 Nf6 8. Nbd2 Ng4 9. Bf4 Nc6 10. h3 Nf6 11. O-O Be7 12. Re1 Nh5 13. Bh2 g5 14. Ne5 Ng7 15. d5 Nxe5 16. Bxe5 f6 17. Bd4 e5 18. Be3 d6 19. b3 cxb3 20. Bxb3 Qd7 21. a4 f5 22. exf5 Qxf5 23. Bc2 Qf7 24. axb5 O-O 25. bxa6 Bxd5 26. Be4 Bxe4 27. Nxe4 d5 28. Nxg5 Bxg5 29. Bxg5 Qxf2+ 30. Kh1 Nf5 31. Qxd5+ Kg7 32. Qxe5+ Kg6 33. Bf4 Rae8 34. Rf1 Qh4 35. Qc7 Re4 36. Qc6+ Rf6 37. Qxe4 Kh5 38. Qe5 Kg6 39. a7 1-0

[Event "Campeonato Individual para Veteranos 65 de Madrid 2024-2025"]
[Site "Madrid ESP"]
[Date "2025.05.27"]
[Round "6.17"]
[White "Benito Mellado, Humberto"]
[Black "Tresguerres Riestra, Juan Jose"]
[Result "0-1"]
[WhiteElo "1615"]
[BlackElo "1487"]
[PlyCount "76"]
[GameId "2183345158017496"]
[EventDate "2025.05.19"]

1. d4 f5 2. c4 Nf6 3. Nc3 e6 4. Bf4 Bb4 5. a3 Bxc3+ 6. bxc3 O-O 7. Nf3 Ne4 8. Qc1 b6 9. Ng5 Bb7 10. Nxe4 Bxe4 11. f3 Bb7 12. Rb1 d6 13. e3 Nd7 14. Bd3 Nf6 15. Bg5 h6 16. Bh4 Qe8 17. Qc2 Qg6 18. O-O Qh7 19. Rbe1 g5 20. Bg3 Qg7 21. h3 Rae8 22. Re2 Kh8 23. e4 f4 24. Be1 Nh5 25. e5 Ng3 26. Bxg3 fxg3 27. Be4 d5 28. cxd5 exd5 29. Bg6 Re7 30. e6 Ba6 31. Bd3 Bxd3 32. Qxd3 Qf6 33. Rfe1 Kg7 34. Qa6 g4 35. fxg4 Rxe6 36. Qd3 Rxe2 37. Qxe2 Qf2+ 38. Qxf2 gxf2+ 0-1

[Event "Campeonato Individual para Veteranos 65 de Madrid 2024-2025"]
[Site "Madrid ESP"]
[Date "2025.05.27"]
[Round "6.18"]
[White "Salgado Duarte, Pablo"]
[Black "Calle Trueba, Jose Antonio"]
[Result "0-1"]
[WhiteElo "1618"]
[BlackElo "1582"]
[PlyCount "64"]
[GameId "2183350074769898"]
[EventDate "2025.05.19"]

1. e4 e6 2. Nc3 d5 3. exd5 exd5 4. d4 Nc6 5. Nf3 Bg4 6. Be2 Nf6 7. O-O Be7 8. a3 a5 9. Be3 O-O 10. h3 Bh5 11. Ne5 Bxe2 12. Qxe2 Re8 13. Nxc6 bxc6 14. Qf3 Rb8 15. b3 Bd6 16. Bg5 Be7 17. Rfe1 h6 18. Be3 Bd6 19. Bf4 Rxe1+ 20. Rxe1 Bxa3 21. Re5 Bd6 22. Re1 Bxf4 23. Qxf4 Qd6 24. Qd2 Re8 25. Ra1 Qb4 26. Ra4 Qb6 27. Kf1 Ne4 28. Nxe4 Rxe4 29. Rxa5 Rxd4 30. Ra8+ Kh7 31. Qe2 Qb5 32. Ke1 Re4 0-1

[Event "Campeonato Individual para Veteranos 65 de Madrid 2024-2025"]
[Site "Madrid ESP"]
[Date "2025.05.27"]
[Round "6.19"]
[White "Alonso Ibanez, Jose"]
[Black "Garcia Marin, Blas"]
[Result "1/2-1/2"]
[WhiteElo "1569"]
[BlackElo "1590"]
[PlyCount "85"]
[GameId "2183350964355589"]
[EventDate "2025.05.19"]

1. e4 c5 2. Nf3 Nc6 3. d4 cxd4 4. Nxd4 e5 5. Nf3 Nf6 6. Nc3 Bb4 7. Bd3 d5 8. exd5 Nxd5 9. Bd2 Nxc3 10. bxc3 Bc5 11. O-O O-O 12. Ng5 g6 13. Bc4 Bf5 14. g4 Bxg4 15. Nxf7 Rxf7 16. Qxg4 Qxd2 17. Qf3 Qg5+ 18. Kh1 Raf8 19. Rad1 Kg7 20. Bxf7 Rxf7 21. Qe2 Qf6 22. Rd2 Qf3+ 23. Qxf3 Rxf3 24. Rd7+ Rf7 25. Rd2 e4 26. f4 e3 27. Re2 Ne7 28. Rd1 Rxf4 29. Rd7 b5 30. Rxe3 Bxe3 31. Rxe7+ Kf6 32. Rxe3 Rf2 33. c4 bxc4 34. Rc3 Rf4 35. Ra3 Rf2 36. Rxa7 Rxc2 37. a4 c3 38. Rc7 Ke6 39. a5 Kd6 40. Rc4 Kd5 41. Rc8 Rc1+ 42. Kg2 c2 43. Kh3 1/2-1/2